[Event "ISR-chT"]
[Site "Israel"]
[Date "2023.03.17"]
[Round "1.5"]
[White "Lurie, Michael"]
[Black "Galburd, Yan"]
[Result "1/2-1/2"]
[WhiteElo "2295"]
[BlackElo "2430"]
[PlyCount "28"]
[EventDate "2023.01.11"]
[EventType "team-tourn"]
[EventRounds "11"]
[EventCountry "ISR"]
[SourceTitle "EXT 2024"]
[Source "ChessBase"]
[SourceDate "2023.10.10"]
[SourceVersion "1"]
[SourceVersionDate "2023.10.10"]
[SourceQuality "1"]
[WhiteTeam "Netanya"]
[BlackTeam "Rehovot"]
[WhiteTeamCountry "ISR"]
[BlackTeamCountry "ISR"]

1. Nf3 d5 2. b3 c5 3. e3 Nf6 4. Bb2 g6 5. c4 Bg7 6. cxd5 0-0 7. Bc4 Nxd5 8. Bxg7 Kxg7 9. d4 Nf6 10. 0-0 cxd4 11. Qxd4 Nc6 12. Qb2 Qa5 13. Nbd2 Kg8 14. Be2 Be6 1/2-1/2

[Event "ISR-chT"]
[Site "Israel"]
[Date "2019.02.23"]
[Round "8.2"]
[White "Gershon, Alik"]
[Black "Lurie, Michael"]
[Result "1-0"]
[WhiteElo "2431"]
[BlackElo "2331"]
[PlyCount "117"]
[EventDate "2019.01.04"]
[EventType "team-tourn"]
[EventRounds "11"]
[EventCountry "ISR"]
[SourceTitle "CBM 189 Extra"]
[Source "ChessBase"]
[SourceDate "2019.06.03"]
[SourceVersion "1"]
[SourceVersionDate "2019.06.03"]
[SourceQuality "1"]
[WhiteTeam "Kfar Saba Hapoel II"]
[BlackTeam "Netanya Shlakman"]
[WhiteTeamCountry "ISR"]
[BlackTeamCountry "ISR"]

1. c4 Nf6 2. d4 g6 3. Nc3 d5 4. Nf3 Bg7 5. Qb3 dxc4 6. Qxc4 0-0 7. e4 Bg4 8. Be3 Nfd7 9. Qb3 Bxf3 10. gxf3 Nc6 11. 0-0-0 Na5 12. Qa3 b6 13. h4 Nf6 14. h5 Nxh5 15. e5 e6 16. f4 Re8 17. b4 Nc6 18. d5 exd5 19. Nxd5 Qc8 20. b5 Bf8 21. Qc3 Ne7 22. Bg2 Nxd5 23. Bxd5 Qf5 24. Bxa8 Rxa8 25. Qd3 Qg4 26. Rhg1 Qh4 27. Qd5 Re8 28. Qd7 Re6 29. Qd8 Re7 30. Qc8 Nxf4 31. Rg4 Qh3 32. Rd8 Qh1+ 33. Kb2 Ne6 34. Rgd4 Kg7 35. Rxf8 Nxf8 36. Rd8 Qe4 37. Rxf8 Qxe5+ 38. Kc2 Qe4+ 39. Kc3 Qf3 40. Rg8+ Kf6 41. Qd8 Ke6 42. Re8 Qf6+ 43. Kc4 Rxe8 44. Qd5+ Ke7 45. Bg5 Qxg5 46. Qxg5+ Kf8 47. Qf6 h5 48. f3 Re2 49. a4 Rc2+ 50. Kd3 Rc5 51. Qh8+ Ke7 52. Qa8 Kd6 53. Kd4 Kd7 54. Qh8 Rf5 55. Ke3 c6 56. Qd4+ Kc7 57. Qc4 Rf6 58. Kf2 Kb7 59. Qd4 1-0

[Event "ISR-chT"]
[Site "Israel"]
[Date "2019.02.16"]
[Round "6.5"]
[White "Lurie, Michael"]
[Black "Bar, Roman"]
[Result "0-1"]
[WhiteElo "2331"]
[BlackElo "2484"]
[PlyCount "56"]
[EventDate "2019.01.04"]
[EventType "team-tourn"]
[EventRounds "11"]
[EventCountry "ISR"]
[SourceTitle "CBM 189 Extra"]
[Source "ChessBase"]
[SourceDate "2019.06.03"]
[SourceVersion "1"]
[SourceVersionDate "2019.06.03"]
[SourceQuality "1"]
[WhiteTeam "Netanya Shlakman"]
[BlackTeam "Ashdod Elite"]
[WhiteTeamCountry "ISR"]
[BlackTeamCountry "ISR"]

1. Nf3 Nf6 2. b3 c5 3. Bb2 e6 4. c4 b6 5. g3 Bb7 6. Bg2 Be7 7. 0-0 0-0 8. e3 d6 9. d4 Nbd7 10. d5 exd5 11. Nh4 Ne4 12. cxd5 Bxh4 13. Bxe4 Bf6 14. Nc3 Ba6 15. Re1 b5 16. Qc2 b4 17. Na4 g6 18. Bxf6 Qxf6 19. Nb2 Rfe8 20. Nc4 Bxc4 21. Qxc4 a5 22. a4 bxa3 23. Rxa3 Reb8 24. Bg2 Rb4 25. Qc2 Rab8 26. f4 c4 27. bxc4 Rb2 28. Qd1 Rxg2+ 0-1

[Event "ISR-chT 13"]
[Site "Israel"]
[Date "2013.01.11"]
[Round "5.6"]
[White "Lurie, Michael"]
[Black "Gelfer, Israel"]
[Result "0-1"]
[WhiteElo "2348"]
[BlackElo "2335"]
[PlyCount "66"]
[EventDate "2012.12.21"]
[EventType "team"]
[EventRounds "11"]
[EventCountry "ISR"]
[SourceTitle "EXT 2014"]
[Source "ChessBase"]
[SourceDate "2013.11.20"]
[SourceVersion "1"]
[SourceVersionDate "2013.11.20"]
[SourceQuality "1"]

1. Nf3 Nf6 2. b3 g6 3. Bb2 Bg7 4. g3 c5 5. Bg2 Nc6 6. c4 0-0 7. 0-0 d6 8. d4 Bg4 9. d5 Na5 10. h3 Bd7 11. Qd3 Bf5 12. Qc3 a6 13. g4 Bd7 14. Nbd2 Nh5 15. Qc2 Bxb2 16. Qxb2 Nf4 17. e3 Nxg2 18. Kxg2 b5 19. Qc3 Rb8 20. Rab1 Nb7 21. e4 e5 22. Nh2 g5 23. Rh1 Kg7 24. Nhf1 h5 25. gxh5 Qf6 26. Ng3 Qf4 27. Rbg1 f5 28. Ne2 Qh4 29. exf5 Bxf5 30. Qe3 bxc4 31. Nf3 Be4 32. Kf1 Rxf3 33. Rxg5+ Kh7 0-1

[Event "ISR-chT 1011"]
[Site "Israel"]
[Date "2011.06.03"]
[Round "9.6"]
[White "Lurie, Michael"]
[Black "Steinberg, Nitzan"]
[Result "1-0"]
[WhiteElo "2335"]
[BlackElo "2235"]
[PlyCount "59"]
[EventDate "2010.12.24"]
[EventType "team-tourn"]
[EventRounds "11"]
[EventCountry "ISR"]
[SourceTitle "EXT 2012"]
[Source "ChessBase"]
[SourceDate "2011.11.24"]
[SourceVersion "1"]
[SourceVersionDate "2011.11.24"]
[SourceQuality "1"]
[WhiteTeam "Netanya"]
[BlackTeam "Petah Tikva Hapoel"]
[WhiteTeamCountry "ISR"]
[BlackTeamCountry "ISR"]

1. Nf3 Nf6 2. b3 d5 3. Bb2 e6 4. e3 Be7 5. c4 c5 6. g3 0-0 7. Bg2 b6 8. 0-0 Bb7 9. d3 Nc6 10. Qe2 Nd7 11. e4 d4 12. Ne1 e5 13. Nd2 Qc7 14. f4 f5 15. exf5 Rxf5 16. Bd5+ Kh8 17. Nef3 Re8 18. Qe4 g6 19. fxe5 Ndxe5 20. Rae1 Bd6 21. Kg2 Re7 22. Nh4 Nf3 23. Ndxf3 Rxe4 24. dxe4 Rf8 25. Bc1 Be7 26. Bh6 Re8 27. Ng5 Ne5 28. Bg7+ Kxg7 29. Ne6+ Kh6 30. Nxc7 1-0

[Event "ISR-chT 1011"]
[Site "Israel"]
[Date "2011.03.11"]
[Round "5.6"]
[White "Lurie, Michael"]
[Black "Klenburg, Mikhail"]
[Result "1/2-1/2"]
[WhiteElo "2335"]
[BlackElo "2410"]
[PlyCount "72"]
[EventDate "2010.12.24"]
[EventType "team-tourn"]
[EventRounds "11"]
[EventCountry "ISR"]
[SourceTitle "EXT 2012"]
[Source "ChessBase"]
[SourceDate "2011.11.24"]
[SourceVersion "1"]
[SourceVersionDate "2011.11.24"]
[SourceQuality "1"]
[WhiteTeam "Netanya"]
[BlackTeam "Rishon Le Zion Feldklein"]
[WhiteTeamCountry "ISR"]
[BlackTeamCountry "ISR"]

1. Nf3 Nf6 2. b3 g6 3. Bb2 Bg7 4. g3 0-0 5. Bg2 d6 6. d4 Nc6 7. 0-0 e5 8. dxe5 Nd7 9. Nc3 dxe5 10. e4 a6 11. Nd5 Re8 12. Qd3 Nf8 13. Rad1 Bd7 14. Ba3 Nd4 15. c3 Bb5 16. c4 Bd7 17. Nxd4 exd4 18. Rfe1 c6 19. Nf4 Qa5 20. Bd6 Ne6 21. e5 Nxf4 22. gxf4 Qxa2 23. Qxd4 Qa5 24. Qe3 Bf5 25. b4 Qd8 26. b5 axb5 27. cxb5 cxb5 28. Bxb7 Ra4 29. Bc6 Bd7 30. Bc5 Bxc6 31. Rxd8 Rxd8 32. e6 Re8 33. e7 Re4 34. Qxe4 Bxe4 35. Rxe4 f5 36. Rb4 Bf6 1/2-1/2

[Event "ISR-chT 1011"]
[Site "Israel"]
[Date "2011.03.04"]
[Round "3.6"]
[White "Lurie, Michael"]
[Black "Porat, David"]
[Result "1-0"]
[WhiteElo "2335"]
[BlackElo "2255"]
[PlyCount "63"]
[EventDate "2010.12.24"]
[EventType "team-tourn"]
[EventRounds "11"]
[EventCountry "ISR"]
[SourceTitle "EXT 2012"]
[Source "ChessBase"]
[SourceDate "2011.11.24"]
[SourceVersion "1"]
[SourceVersionDate "2011.11.24"]
[SourceQuality "1"]
[WhiteTeam "Netanya"]
[BlackTeam "Porat Mathematics"]
[WhiteTeamCountry "ISR"]
[BlackTeamCountry "ISR"]

1. Nf3 d5 2. b3 Nf6 3. Bb2 e6 4. e3 Be7 5. c4 0-0 6. g3 b6 7. Bg2 Bb7 8. 0-0 Nbd7 9. d3 c6 10. Qe2 Qc7 11. Nbd2 Rfd8 12. e4 dxe4 13. dxe4 Nc5 14. Rad1 a5 15. Be5 Qc8 16. Ba1 b5 17. Nd4 b4 18. e5 Nfd7 19. Nc2 Qc7 20. f4 g6 21. Bd4 Bf8 22. g4 Bg7 23. Qe3 Na6 24. c5 Qb8 25. Ne4 Nc7 26. Nd6 Nd5 27. Bxd5 cxd5 28. f5 Rf8 29. f6 Bh8 30. Qh6 Qc7 31. Rf3 Rfd8 32. Nxf7 1-0

[Event "ISR-chT 1011"]
[Site "Israel"]
[Date "2010.12.24"]
[Round "1.4"]
[White "Lurie, Michael"]
[Black "Livshits, Gaby"]
[Result "1/2-1/2"]
[WhiteElo "2335"]
[BlackElo "2452"]
[PlyCount "61"]
[EventDate "2010.12.24"]
[EventType "team-tourn"]
[EventRounds "11"]
[EventCountry "ISR"]
[SourceTitle "EXT 2012"]
[Source "ChessBase"]
[SourceDate "2011.11.24"]
[SourceVersion "1"]
[SourceVersionDate "2011.11.24"]
[SourceQuality "1"]
[WhiteTeam "Netanya"]
[BlackTeam "Kefar Sava Hapoel"]
[WhiteTeamCountry "ISR"]
[BlackTeamCountry "ISR"]

1. Nf3 Nf6 2. b3 g6 3. Bb2 Bg7 4. g3 d6 5. d4 0-0 6. Bg2 e5 7. dxe5 Ng4 8. h3 Nxe5 9. Nxe5 dxe5 10. Qxd8 Rxd8 11. Nd2 c6 12. 0-0-0 Be6 13. Nc4 Rxd1+ 14. Rxd1 Nd7 15. Nd6 Rb8 16. a4 f5 17. e4 f4 18. Bf1 fxg3 19. fxg3 h5 20. Bc4 Nc5 21. Bxe6+ Nxe6 22. Nc4 Ng5 23. Rd7 Bh6 24. Nxe5 Nxe4+ 25. Kb1 Nc5 26. Rd6 Rf8 27. Nxg6 Rf1+ 28. Ka2 Rf2 29. Kb1 Rf1+ 30. Ka2 Rf2 31. Kb1 1/2-1/2

[Event "Herzliya op"]
[Site "Herzliya"]
[Date "2008.09.10"]
[Round "7"]
[White "Yaacov, Avi"]
[Black "Lurie, Michael"]
[Result "1/2-1/2"]
[WhiteElo "2159"]
[BlackElo "2337"]
[PlyCount "24"]
[EventDate "2008.09.02"]
[EventType "swiss"]
[EventRounds "9"]
[EventCountry "ISR"]
[SourceTitle "CBM 126 Extra"]
[Source "ChessBase"]
[SourceDate "2008.11.05"]
[SourceVersion "1"]
[SourceVersionDate "2008.11.05"]
[SourceQuality "1"]

1. d4 Nf6 2. c4 c6 3. Nc3 d5 4. e3 a6 5. Nf3 b5 6. b3 g6 7. Bd3 Bg7 8. 0-0 0-0 9. Bb2 Nbd7 10. Qc2 Bb7 11. Rfd1 Rc8 12. Qe2 Qa5 1/2-1/2

[Event "Herzliya op"]
[Site "Herzliya"]
[Date "2008.09.07"]
[Round "5"]
[White "Zilberman, Yaacov"]
[Black "Lurie, Michael"]
[Result "1-0"]
[WhiteElo "2453"]
[BlackElo "2337"]
[PlyCount "65"]
[EventDate "2008.09.02"]
[EventType "swiss"]
[EventRounds "9"]
[EventCountry "ISR"]
[SourceTitle "CBM 126 Extra"]
[Source "ChessBase"]
[SourceDate "2008.11.05"]
[SourceVersion "1"]
[SourceVersionDate "2008.11.05"]
[SourceQuality "1"]

1. d4 Nf6 2. Nf3 c6 3. c4 d5 4. Nc3 a6 5. a4 e6 6. Bg5 Nbd7 7. cxd5 exd5 8. e3 Be7 9. Qc2 0-0 10. Bd3 Re8 11. 0-0 Nf8 12. Bxf6 Bxf6 13. b4 h5 14. b5 a5 15. bxc6 bxc6 16. Ne2 Bg4 17. Qxc6 Rc8 18. Qb5 Rb8 19. Qc5 Ne6 20. Qc2 Qd6 21. Rfc1 Rb6 22. Rab1 Rxb1 23. Rxb1 Bxf3 24. gxf3 Ng5 25. Kg2 Bd8 26. Rb5 h4 27. Nf4 h3+ 28. Nxh3 Nxh3 29. Kxh3 Bc7 30. f4 g5 31. Rc5 Qe6+ 32. Bf5 Qh6+ 33. Kg2 1-0

[Event "Herzliya op"]
[Site "Herzliya"]
[Date "2008.09.05"]
[Round "4"]
[White "Lurie, Michael"]
[Black "Golberg, Igor"]
[Result "1-0"]
[WhiteElo "2337"]
[BlackElo "2207"]
[PlyCount "69"]
[EventDate "2008.09.02"]
[EventType "swiss"]
[EventRounds "9"]
[EventCountry "ISR"]
[SourceTitle "CBM 126 Extra"]
[Source "ChessBase"]
[SourceDate "2008.11.05"]
[SourceVersion "1"]
[SourceVersionDate "2008.11.05"]
[SourceQuality "1"]

1. e4 c5 2. Nf3 Nc6 3. Nc3 e5 4. Bc4 Be7 5. d3 d6 6. 0-0 Bg4 7. h3 Bh5 8. Nd5 Nf6 9. c3 Nd7 10. a4 Nf8 11. Ne3 Ne6 12. Nf5 Bf6 13. Be3 Rb8 14. Kh2 h6 15. Rg1 g5 16. Bd5 g4 17. Ng3 Bg6 18. Bxe6 fxe6 19. hxg4 Bg5 20. Rh1 Bxe3 21. fxe3 b6 22. Kg1 Rb7 23. Qe2 Rg7 24. Rf1 Kd7 25. d4 Kc7 26. b4 Be8 27. g5 Rhh7 28. d5 exd5 29. exd5 Ne7 30. bxc5 bxc5 31. Qa6 Qb8 32. Ne4 Nf5 33. Nfd2 Bd7 34. Rxf5 Bxf5 35. Qxd6+ 1-0

[Event "Herzliya op"]
[Site "Herzliya"]
[Date "2008.09.03"]
[Round "2"]
[White "Lurie, Michael"]
[Black "Lerner, Konstantin Z"]
[Result "0-1"]
[WhiteElo "2337"]
[BlackElo "2521"]
[PlyCount "104"]
[EventDate "2008.09.02"]
[EventType "swiss"]
[EventRounds "9"]
[EventCountry "ISR"]
[SourceTitle "CBM 126 Extra"]
[Source "ChessBase"]
[SourceDate "2008.11.05"]
[SourceVersion "1"]
[SourceVersionDate "2008.11.05"]
[SourceQuality "1"]

1. e4 c5 2. Nf3 d6 3. c3 Nf6 4. h3 Nc6 5. Bd3 g6 6. Bc2 Bg7 7. 0-0 0-0 8. d4 cxd4 9. cxd4 e5 10. d5 Nb4 11. Bb3 Na6 12. Nc3 b5 13. a3 Bd7 14. Be3 Qb8 15. Nd2 Rc8 16. Bc2 b4 17. axb4 Nxb4 18. Ra5 Qc7 19. Nb3 Rcb8 20. Bb1 Rb7 21. Qd2 Qb8 22. Nc1 Qd8 23. Ra3 a5 24. Bd3 Nh5 25. Be2 Nf4 26. Bxf4 exf4 27. Qxf4 Nc2 28. Ra2 Qb6 29. Qd2 Nd4 30. Bg4 Be8 31. Bd1 Qb4 32. Nd3 Nb3 33. Qe3 Qd4 34. Qe2 a4 35. Bc2 Rc8 36. Rd1 Qc4 37. Nf4 Bxc3 38. Bd3 Nd4 39. Bxc4 Nxe2+ 40. Nxe2 Rxb2 41. Nxc3 Rxa2 42. Bxa2 Rxc3 43. f4 Rc2 44. Bb1 Rb2 45. e5 a3 46. Be4 a2 47. Ra1 Bb5 48. Kh2 f5 49. Bf3 Kf7 50. Rc1 Rb1 51. e6+ Ke7 52. Rc7+ Kd8 0-1

[Event "Tel Aviv Spring"]
[Site "Tel Aviv"]
[Date "2002.05.25"]
[Round "7"]
[White "Kudischewitsch, David"]
[Black "Lurie, Michael"]
[Result "1-0"]
[WhiteElo "2376"]
[BlackElo "2285"]
[PlyCount "75"]
[EventDate "2002.05.20"]
[EventType "tourn"]
[EventRounds "11"]
[EventCountry "ISR"]
[EventCategory "4"]
[SourceTitle "CBM 088 Extra"]
[Source "ChessBase"]
[SourceDate "2002.07.01"]
[SourceVersion "2"]
[SourceVersionDate "2002.07.01"]
[SourceQuality "1"]

1. d4 Nf6 2. Nf3 g6 3. c3 Bg7 4. Bf4 d5 5. e3 0-0 6. h3 c5 7. Nbd2 Nbd7 8. Be2 b6 9. 0-0 Bb7 10. Qc2 Ne4 11. Nxe4 dxe4 12. Nd2 f5 13. Rad1 cxd4 14. cxd4 Bd5 15. Ba6 Nb8 16. Bc4 Nc6 17. Bb5 Nb4 18. Qa4 a6 19. Qxb4 axb5 20. Nb1 Kh8 21. Nc3 Bc4 22. Rfe1 Qd7 23. a4 Ra5 24. Rc1 Rfa8 25. Bc7 Qxc7 26. Nxb5 Qd7 27. Qxc4 Rxa4 28. b4 h6 29. Nc7 Rf8 30. Ne6 Rfa8 31. Nf4 g5 32. Nd5 Rb8 33. Qc6 Ra7 34. b5 e5 35. dxe5 Qxc6 36. bxc6 Bxe5 37. c7 Rc8 38. Ne7 1-0

[Event "Tel Aviv Spring"]
[Site "Tel Aviv"]
[Date "2002.05.23"]
[Round "5"]
[White "Kaplivatski, Alexander"]
[Black "Lurie, Michael"]
[Result "0-1"]
[WhiteElo "2234"]
[BlackElo "2285"]
[PlyCount "104"]
[EventDate "2002.05.20"]
[EventType "tourn"]
[EventRounds "11"]
[EventCountry "ISR"]
[EventCategory "4"]
[SourceTitle "CBM 088 Extra"]
[Source "ChessBase"]
[SourceDate "2002.07.01"]
[SourceVersion "2"]
[SourceVersionDate "2002.07.01"]
[SourceQuality "1"]

1. e4 Nf6 2. e5 Nd5 3. d4 d6 4. c4 Nb6 5. exd6 exd6 6. Bd3 Nc6 7. Be3 Be7 8. h3 Nb4 9. Be2 Bf5 10. Na3 0-0 11. Qd2 a5 12. d5 Nd7 13. Nf3 Nc5 14. 0-0 Ne4 15. Qd1 Bg6 16. Nb5 c6 17. dxc6 bxc6 18. Nbd4 Qc8 19. a3 Na6 20. Nd2 Nac5 21. Nxe4 Nxe4 22. Bd3 Bf6 23. Qc2 Re8 24. Rfe1 Qb7 25. Rab1 a4 26. Nf3 d5 27. cxd5 cxd5 28. Nd4 Rac8 29. Qd1 Rb8 30. Nb5 Nxf2 31. Kxf2 Bxd3 32. Nd6 Qa6 33. Nxe8 Bxb1 34. Bd4 Bxd4+ 35. Qxd4 Qg6 36. Qe5 Qf5+ 37. Qxf5 Bxf5 38. Re2 Kf8 39. Nd6 Be6 40. g4 g6 41. Rc2 Ke7 42. Rc6 Kd7 43. Ra6 Rxb2+ 44. Ke3 Rb3+ 45. Kd4 Rxh3 46. Nb5 Ke7 47. Rxa4 Kf6 48. Nc7 Bxg4 49. Nxd5+ Kg5 50. Ra7 Be6 51. Ne3 Rh4+ 52. Kd3 h5 0-1

[Event "Tel Aviv Spring"]
[Site "Tel Aviv"]
[Date "2002.05.21"]
[Round "2"]
[White "Lurie, Michael"]
[Black "Porat, Shay"]
[Result "1/2-1/2"]
[WhiteElo "2285"]
[BlackElo "2382"]
[PlyCount "106"]
[EventDate "2002.05.20"]
[EventType "tourn"]
[EventRounds "11"]
[EventCountry "ISR"]
[EventCategory "4"]
[SourceTitle "CBM 088 Extra"]
[Source "ChessBase"]
[SourceDate "2002.07.01"]
[SourceVersion "2"]
[SourceVersionDate "2002.07.01"]
[SourceQuality "1"]

1. Nf3 c5 2. g3 Nc6 3. d4 cxd4 4. Nxd4 g6 5. Bg2 Bg7 6. Nxc6 bxc6 7. 0-0 Nf6 8. c4 0-0 9. Nc3 Qc7 10. e4 d6 11. c5 Ba6 12. cxd6 exd6 13. Re1 Nd7 14. Be3 Ne5 15. Qc2 Rab8 16. Rad1 Nc4 17. b3 Nxe3 18. Rxe3 Qe7 19. Bf1 Bb7 20. b4 Rbc8 21. Qb3 Be5 22. a4 Rfe8 23. a5 Qf6 24. a6 Ba8 25. Bg2 Rb8 26. Qc4 c5 27. bxc5 dxc5 28. Rf3 Qe7 29. Nd5 Bxd5 30. exd5 Qd6 31. Re3 Bd4 32. Rxe8+ Rxe8 33. Qb5 Rb8 34. Qc6 Rb6 35. Qxd6 Rxd6 36. Bf1 Rxd5 37. Kg2 Rd7 38. Bc4 Kf8 39. f4 Ke7 40. Rb1 Kd6 41. Rb8 f6 42. h4 Re7 43. Rd8+ Kc7 44. Ra8 Kc6 45. Rc8+ Kd7 46. Ra8 Kc6 47. Rc8+ Rc7 48. Rb8 f5 49. h5 gxh5 50. Rf8 Kb6 51. Rb8+ Kc6 52. Rf8 Kb6 53. Rb8+ Kc6 1/2-1/2

[Event "ISR-ch op"]
[Site "Tel Aviv"]
[Date "2001.04.17"]
[Round "9"]
[White "Kundin, Alexander"]
[Black "Lurie, Michael"]
[Result "1-0"]
[WhiteElo "2417"]
[BlackElo "2287"]
[PlyCount "57"]
[EventDate "2001.04.09"]
[EventType "swiss"]
[EventRounds "9"]
[EventCountry "ISR"]
[SourceTitle "CBM 081 Extra"]
[Source "ChessBase"]
[SourceDate "2001.05.06"]
[SourceVersion "1"]
[SourceVersionDate "2001.05.06"]
[SourceQuality "1"]

1. e4 Nf6 2. e5 Nd5 3. d4 d6 4. c4 Nb6 5. exd6 cxd6 6. Nc3 g6 7. Be3 Bg7 8. Rc1 Nc6 9. b3 0-0 10. d5 Ne5 11. Be2 f5 12. f4 Nf7 13. Nf3 e5 14. dxe6 Bxe6 15. 0-0 Re8 16. Qd2 Nd7 17. Nd4 Nf6 18. Bf3 Bc8 19. h3 Ne4 20. Bxe4 fxe4 21. f5 gxf5 22. Nxf5 Bxf5 23. Rxf5 Re5 24. Rxe5 dxe5 25. Qxd8+ Nxd8 26. Rd1 Nc6 27. Rd7 b6 28. Nxe4 Nb4 29. Bg5 1-0

[Event "ISR-ch op"]
[Site "Tel Aviv"]
[Date "2001.04.10"]
[Round "2"]
[White "Lurie, Michael"]
[Black "Stefanova, Antoaneta"]
[Result "1/2-1/2"]
[WhiteElo "2287"]
[BlackElo "2473"]
[PlyCount "68"]
[EventDate "2001.04.09"]
[EventType "swiss"]
[EventRounds "9"]
[EventCountry "ISR"]
[SourceTitle "CBM 081 Extra"]
[Source "ChessBase"]
[SourceDate "2001.05.06"]
[SourceVersion "1"]
[SourceVersionDate "2001.05.06"]
[SourceQuality "1"]

1. e4 e5 2. Nf3 Nc6 3. Bb5 a6 4. Ba4 Nf6 5. 0-0 b5 6. Bb3 Bb7 7. Ng5 d5 8. exd5 Nd4 9. Re1 Bd6 10. Nf3 0-0 11. d3 Nxd5 12. Nbd2 Nf4 13. Ne4 Nxf3+ 14. Qxf3 Kh8 15. Bxf4 exf4 16. Qh3 f5 17. Nxd6 cxd6 18. Qh5 Rf6 19. d4 f3 20. gxf3 Rg6+ 21. Kf1 Rh6 22. Qf7 Bxf3 23. Bd5 Bxd5 24. Qxd5 Rxh2 25. Re6 Rc8 26. Rae1 Qf8 27. Kg1 Rh6 28. Rxh6 gxh6 29. c3 Qg7+ 30. Kf1 Rg8 31. Re6 Qg4 32. Ke1 Qf4 33. Ke2 Qg4+ 34. Ke1 Qf4 1/2-1/2

[Event "EU-ch U16"]
[Site "Mureck"]
[Date "1998.??.??"]
[Round "9"]
[White "Kovchan, Alexander"]
[Black "Lurie, Michael"]
[Result "1/2-1/2"]
[WhiteElo "2330"]
[BlackElo "2160"]
[PlyCount "64"]
[EventDate "1998.07.08"]
[EventType "swiss"]
[EventRounds "9"]
[EventCountry "AUT"]
[SourceTitle "CBM 065 Extra"]
[Source "ChessBase"]
[SourceDate "1998.09.09"]
[SourceVersion "1"]
[SourceVersionDate "1998.09.09"]
[SourceQuality "1"]

1. e4 e5 2. Bc4 Nf6 3. d3 c6 4. Nf3 d5 5. Bb3 Bd6 6. Nc3 d4 7. Ne2 h6 8. 0-0 0-0 9. Ng3 Bc7 10. Qe2 Na6 11. a4 Bd7 12. Bc4 Nc5 13. Nh4 Nxa4 14. Rxa4 b5 15. Bxf7+ Rxf7 16. Ra1 Nd5 17. Ngf5 Nf4 18. Qd1 Qf6 19. g3 Ng6 20. Nxg6 Qxg6 21. Nh4 Qg4 22. Qxg4 Bxg4 23. f4 Bh3 24. Rf2 a5 25. Ng6 Be6 26. Bd2 Kh7 27. Nxe5 Bxe5 28. fxe5 Rfa7 29. c3 Rd7 30. cxd4 Rxd4 31. Rxa5 Rxa5 32. Bxa5 Rxd3 1/2-1/2

[Event "EU-ch U16"]
[Site "Mureck"]
[Date "1998.??.??"]
[Round "6"]
[White "Merino Garcia, Rafael"]
[Black "Lurie, Michael"]
[Result "1/2-1/2"]
[WhiteElo "2275"]
[BlackElo "2160"]
[PlyCount "59"]
[EventDate "1998.07.08"]
[EventType "swiss"]
[EventRounds "9"]
[EventCountry "AUT"]
[SourceTitle "CBM 065 Extra"]
[Source "ChessBase"]
[SourceDate "1998.09.09"]
[SourceVersion "1"]
[SourceVersionDate "1998.09.09"]
[SourceQuality "1"]

1. d4 Nf6 2. Nf3 g6 3. Bf4 Bg7 4. e3 0-0 5. h3 d5 6. Bd3 Nbd7 7. 0-0 c5 8. Re1 b6 9. c4 Bb7 10. Nc3 Rc8 11. cxd5 cxd4 12. exd4 Nxd5 13. Nxd5 Bxd5 14. Ba6 Ra8 15. Rc1 e6 16. Bc7 Qe7 17. b3 Nc5 18. dxc5 Qxc7 19. c6 Rad8 20. Qe2 Rd6 21. Bb5 a6 22. Bxa6 Rxc6 23. Rxc6 Qxc6 24. Bc4 Bxf3 25. Qxf3 Qxf3 26. gxf3 Rd8 27. Kg2 Bf8 28. Re3 Rd2 29. Re2 Rd1 30. Re3 1/2-1/2

[Event "Wch U14"]
[Site "Menorca"]
[Date "1996.??.??"]
[Round "7"]
[White "Lurie, Michael"]
[Black "Akobian, Varuzhan"]
[Result "1/2-1/2"]
[WhiteElo "2070"]
[BlackElo "2270"]
[PlyCount "59"]
[EventDate "1996.??.??"]
[EventType "swiss"]
[EventRounds "11"]
[EventCountry "ESP"]
[SourceTitle "Juniors"]
[Source "ChessBase"]
[SourceDate "1999.07.01"]
[SourceVersion "1"]
[SourceVersionDate "1999.07.01"]
[SourceQuality "1"]

1. Nf3 d5 2. b3 Bg4 3. d4 Bxf3 4. exf3 e6 5. Bb2 Nf6 6. Bd3 c5 7. dxc5 Bxc5 8. 0-0 0-0 9. c4 d4 10. Nd2 Nc6 11. Ne4 Nxe4 12. Bxe4 Qd6 13. a3 a5 14. Bxc6 bxc6 15. b4 axb4 16. axb4 Bxb4 17. Qxd4 Qxd4 18. Bxd4 c5 19. Be3 Rfd8 20. Rfb1 h6 21. Kf1 Rxa1 22. Rxa1 Rd3 23. Rc1 Ra3 24. Ke2 Kh7 25. f4 Kg6 26. Rc2 Kf5 27. Kf3 Kg6 28. h3 Kf5 29. g4+ Kf6 30. h4 1/2-1/2

[Event "Wch U14"]
[Site "Menorca"]
[Date "1996.??.??"]
[Round "9"]
[White "Lurie, Michael"]
[Black "Kobylkin, Evgeni"]
[Result "0-1"]
[WhiteElo "2070"]
[BlackElo "2365"]
[PlyCount "62"]
[EventDate "1996.??.??"]
[EventType "swiss"]
[EventRounds "11"]
[EventCountry "ESP"]
[SourceTitle "Juniors"]
[Source "ChessBase"]
[SourceDate "1999.07.01"]
[SourceVersion "1"]
[SourceVersionDate "1999.07.01"]
[SourceQuality "1"]

1. e4 e6 2. d4 d5 3. Nc3 Nf6 4. Bg5 Be7 5. e5 Nfd7 6. Bxe7 Qxe7 7. f4 a6 8. Qg4 f5 9. exf6 Nxf6 10. Qg5 0-0 11. Nf3 c5 12. 0-0-0 c4 13. g3 b5 14. Bh3 Bd7 15. Rhe1 b4 16. Na4 b3 17. axb3 cxb3 18. Nc5 bxc2 19. Rd2 Kh8 20. Bxe6 Bxe6 21. Rxe6 Qc7 22. Ne5 Ra7 23. Qh4 Kg8 24. Ng4 Nxg4 25. Qxg4 Nc6 26. Qf3 Nb4 27. Re5 Qa5 28. Qa3 Qb5 29. Re1 Re7 30. Rg1 Rfe8 31. Nd3 Qxd3 0-1

[Event "Petah Tikva-B"]
[Site "Petah Tikva"]
[Date "1996.??.??"]
[Round "6"]
[White "Milavsky, Maxim"]
[Black "Lurie, Michael"]
[Result "0-1"]
[WhiteElo "2130"]
[BlackElo "2070"]
[PlyCount "98"]
[EventDate "1996.09.30"]
[EventType "schev"]
[EventRounds "9"]
[EventCountry "ISR"]
[SourceTitle "CBM 055 Extra"]
[Source "ChessBase"]
[SourceDate "1997.01.01"]
[SourceVersion "1"]
[SourceVersionDate "1997.01.01"]
[SourceQuality "1"]

1. e4 Nf6 2. e5 Nd5 3. d4 d6 4. c4 Nb6 5. exd6 exd6 6. Nc3 Be7 7. Be2 0-0 8. h3 Nc6 9. Nf3 Bf6 10. 0-0 Bf5 11. b3 Re8 12. Bb2 d5 13. c5 Nc8 14. Re1 g6 15. a3 Bg7 16. b4 a6 17. Nb1 Be4 18. Nbd2 N8e7 19. Nb3 h6 20. Qd2 g5 21. a4 Ng6 22. b5 Nce7 23. Nh2 Nf4 24. Bf1 c6 25. Bc3 Qd7 26. f3 Bg6 27. Ng4 f6 28. g3 Nh5 29. Kf2 axb5 30. axb5 Rxa1 31. Rxa1 Qc7 32. f4 gxf4 33. gxf4 Nxf4 34. b6 Qb8 35. Kg1 Nxh3+ 36. Bxh3 Qg3+ 37. Bg2 Qxg4 38. Na5 Nf5 39. Ra2 Nh4 40. Qf2 Be4 41. Be1 Nxg2 42. Qg3 Qh5 43. Nxb7 Nxe1 44. Nd6 Qh1+ 45. Kf2 Nd3+ 46. Ke2 Nc1+ 47. Ke3 Re6 48. Ra7 Bc2+ 49. Kd2 Qd1+ 0-1